Primer ensayo sobre la población

Αποθηκεύτηκε σε:
Λεπτομέρειες βιβλιογραφικής εγγραφής
Κύριος συγγραφέας: Malthus, Thomas Robert (autor)
Μορφή: Βιβλίο
Γλώσσα:Ισπανικά
Έκδοση: Madrid SARPE 1983
Έκδοση:1a. ed
Σειρά:Los Grandes Pensadores, 30
Θέματα:
Ετικέτες: Προσθήκη ετικέτας
Δεν υπάρχουν, Καταχωρήστε ετικέτα πρώτοι!

MARC

LEADER 00000cam a2200000 a 4500
001 UCE2253
003 CL-VaPUC
008 140619e19830000sp |||||||||||||||||spa|d
020 |a 8449972892 
082 0 4 |a 304.6  |b MAL  |2 21 
100 |a Malthus, Thomas Robert  |e autor  |9 515850 
245 1 0 |a Primer ensayo sobre la población 
250 |a 1a. ed 
300 |a 267 p 
942 |c BK 
945 |d 20140619 13:53:00  |a dcastane 
260 |a Madrid  |b SARPE  |c 1983 
650 0 |a Demografía   |9 260008 
650 7 |a CRECIMIENTO DEMOGRAFICO  |2 CL-VaPUC  |9 338225 
650 0 |a Desarrollo económico y social   |9 256320 
650 0 |a Población  |9 257577 
583 |a last modification  |c 20140619 13:53:00  |k Rodrigo Vera 
490 0 |a Los Grandes Pensadores, 30 
999 |c 355902  |d 355900 
952 |0 0  |1 0  |3 erd  |4 0  |6 304_600000000000000_MAL_1983  |7 0  |8 X  |9 462845  |a FDOBUD  |b FDOBUD  |i 5042623  |o 304.6 MAL 1983  |p 5042623  |r 2019-11-23  |w 2019-11-23  |y BK_X  |z Catalogado en:20140619  |k BUD